Países del Califato Omeya en un Mapa - Estadísticas

Estadísticas generales
  • Esta prueba ha sido intentada 6.897 veces
  • La puntuación promedio es 33 de 36
Respuestas en el mapa
Las respuestas están codificadas por una escala verde-roja en el mapa de la prueba según el % correcto abajo.
 
Estadísticas de respuestas
País % Correcto
España
100%
Egipto
99%
Marruecos
99%
Portugal
99%
Arabia Saudita
98%
Argelia
98%
Irán
98%
Francia
97%
Irak
97%
Israel
97%
Emiratos Árabes Unidos
96%
Omán
96%
Túnez
96%
Yemen
96%
Catar
95%
Chipre
95%
Libia
95%
Pakistán
94%
Siria
94%
Turquía
94%
Afganistán
93%
Andorra
93%
Jordania
93%
Georgia
92%
Armenia
91%
Azerbaiyán
91%
Líbano
91%
India
89%
Kuwait
88%
Uzbekistán
87%
Turkmenistán
86%
Kazajistán
85%
Rusia
85%
Kirguistán
84%
Tayikistán
84%
Baréin
79%
No se encontraron pruebas coincidentes
Distribución de puntuación
Porcentaje de gente con cada puntuación
Porcentaje por número respondido
Historial de tus puntuaciones
No has intentado esta prueba.